KOHA-Header-6

Shaneedah (Record no. 9191)

000 -LEADER
fixed length control field 00248nam a2200109Ia 4500
100 ## - MAIN ENTRY--AUTHOR NAME
Personal name Sarshar Siddiqi
245 #0 - TITLE STATEMENT
Title Shaneedah
260 ## - PUBLICATION, DISTRIBUTION, ETC. (IMPRINT)
Place of publication Karachi
Name of publisher Hamara Idarah
Year of publication 2001
300 ## - PHYSICAL DESCRIPTION
Number of Pages 356
942 ## - ADDED ENTRY ELEMENTS (KOHA)
Koha item type Books
Holdings
Withdrawn status Lost status Collection code Permanent Location Current Location Shelving location Date acquired Full call number Accession Number Koha item type
    Urdu Literature MAJU MAJU   2019-09-14 910.9 4621 Urdu Literature

Powered by Koha